000 00414nam a22001577a 4500
008 250524b |||||||| |||| 00| 0 eng d
020 _a9781260084689
050 _aLB2395.3
_b.M66
100 _aMoore, Noel Brooke
245 _aPhilosphy the power of ideas
250 _a10th
260 _aNew york
_bMc Graw-hill education
_c2019
300 _axxii, 502p.
650 _aReading (higher education)
942 _cBK
999 _c3658
_d3658